The perpetual present; (Record no. 82721)
[ view plain ]
| 000 -LEADER | |
|---|---|
| fixed length control field | 02095cam2a220027701 4500 |
| 001 - CONTROL NUMBER | |
| control field | lce00764401 |
| 008 - FIXED-LENGTH DATA ELEMENTS--GENERAL INFORMATION | |
| fixed length control field | 730727s1973 okua b s000 0 eng |
| 010 ## - LIBRARY OF CONGRESS CONTROL NUMBER | |
| LC control number | 72004568 //r86 |
| 020 ## - INTERNATIONAL STANDARD BOOK NUMBER | |
| International Standard Book Number | 0806110481 |
| 035 ## - SYSTEM CONTROL NUMBER | |
| System control number | (Sirsi) r124662 |
| 035 ## - SYSTEM CONTROL NUMBER | |
| System control number | (DLC) 72004568 //r86 |
| 035 ## - SYSTEM CONTROL NUMBER | |
| System control number | (UPRA)lce00764401 |
| 050 0# - LIBRARY OF CONGRESS CALL NUMBER | |
| Classification number | PQ7297.P285 |
| Item number | Z75 |
| 082 ## - DEWEY DECIMAL CLASSIFICATION NUMBER | |
| Classification number | 868 |
| 100 1# - MAIN ENTRY--PERSONAL NAME | |
| Personal name | Ivask, Ivar, 1927- |
| Dates associated with a name | Ivask, Ivar, 1927- |
| Linkage | A5490.1 |
| 245 14 - TITLE STATEMENT | |
| Title | The perpetual present; |
| Remainder of title | the poetry and prose of Octavio Paz. |
| Statement of responsibility, etc. | Edited by Ivar Ivask. |
| 250 ## - EDITION STATEMENT | |
| Edition statement | [1st ed.] |
| 260 ## - PUBLICATION, DISTRIBUTION, ETC. | |
| Place of publication, distribution, etc. | Norman, |
| Name of publisher, distributor, etc. | University of Oklahoma Press |
| Date of publication, distribution, etc. | [1973] |
| 500 ## - GENERAL NOTE | |
| General note | Includes papers originally presented at a Paz conference sponsored by the Dept. of Modern Languages of the University of Oklahoma and Books abroad. |
| 504 18 - BIBLIOGRAPHY, ETC. NOTE | |
| Bibliography, etc. note | Bibliography: p. 133 |
| 505 0# - FORMATTED CONTENTS NOTE | |
| Formatted contents note | Sucre, G. Octavio Paz: poetics of vivacity.--Paz, O. "Paisaje inmemorial." "Immemorial landscape," translated by T. J. Lewis.--Guibert, R. Paz on himself and his writing: selections from an interview.--Needleman, R. Poetry and the reader.--Rodriguez-Monegal, E. Borges and Paz: toward a dialogue of critical texts.--Phillips, A. W. Oct30866avio Paz: critic of modern Mexican poetry.--Duran, M. Irony and sympathy in Blanco and Ladera este.--Gullon, R. The universalism of Octavio Paz.--Palau de Nemes, G. Octavio Paz: invention and tradition; or, The metaphor of the void.--Dehennin, E. Stone and water imagery in Paz's poetry.--Phillips, R. Woman in sleep: some reflections on the eye of the beholder.--Segovia, T. Poetry and poetics in Octavio Paz.--Xirau, R. Octavio Paz: image, cycle, meaning.--Guillen, J. and others. Tributes to Octavio Paz.--Tarn, N. Olvido inolvidable.--Octavio Paz: a biographical sketch.--Roggiano, A. A. Bibliography by and on Octavio Paz (p. 133-157).--Octavio Paz in Books abroad, 1951-1973 (bibliographical: p. 159 |
| 600 15 - SUBJECT ADDED ENTRY--PERSONAL NAME | |
| Dates associated with a name | |
| Linkage | S66411.1 |
| 710 91 - ADDED ENTRY--CORPORATE NAME | |
| Corporate name or jurisdiction name as entry element | University of Oklahoma. Dept. of Modern Langu |
| Subordinate unit | University of Oklahoma. Dept. of Modern Langu |
| Linkage | A92829.1 |
| 949 ge - LOCAL PROCESSING INFORMATION (OCLC) | |
| a | PQ7297.P285 |
| w | lcc |
| i | -179024 |
| m | MAIN |
| t | BOOK |
| l | ON-SHELF |
No items available.